| 000 | 00323cam a22001097a 4500 | ||
|---|---|---|---|
| 008 | 180718b1965 xxu||||| |||| 00| 0 eng d | ||
| 082 | _aA75 B489S | ||
| 100 | _aRoy Chaudhury, P.C. | ||
| 245 |
_aBihar district gazetteers: Saharsa _cby P.C. Roy Chaudhury |
||
| 260 |
_aPatna _bBihar District Gazetteers _c1965 |
||
| 300 | _a521+p. | ||
| 999 |
_c486958 _d486958 |
||